[Event "DVM U14 2018"]
[Site "Magdeburg GER"]
[Date "2018.12.30"]
[Round "7"]
[White "Lauterbach, Kolja"]
[Black "Glinzner, Alva"]
[Result "0-1"]
[Termination "normal"]
[Board "9.1"]
[WhiteElo "1678"]
[BlackElo "1889"]
[WhiteTeam "SK Freiburg-Zähringen"]
[BlackTeam "Lübecker SV"]
[PlyCount "128"]
[WhiteFideId "16235916"]
[BlackFideId "16206169"]
[EventCountry "GER"]
[EventRounds "7"]
[EventType "team-swiss"]
[EventDate "2018.12.26"]

1. e4 c6 2. c4 d5 3. cxd5 cxd5 4. exd5 Qxd5 5. Nc3 Qd8 6. Nf3 Nf6 7. Bc4 e6 8.
O-O Be7 9. d4 O-O 10. Bf4 a6 11. Rc1 Bd7 12. d5 exd5 13. Nxd5 Nxd5 14. Bxd5 Bc6
15. Bb3 Nd7 16. Nd4 Be4 17. Re1 Nf6 18. f3 Bg6 19. Rc7 Bd6 20. Bxd6 Qxd6 21.
Rxb7 Rad8 22. Ree7 Qxd4+ 23. Qxd4 Rxd4 24. Rb6 Rd2 25. Rxa6 Rc8 26. h3 Rxb2 27.
Raa7 Rf8 28. f4 Ne4 29. f5 Bxf5 30. Rxf7 Rxb3 31. Rxg7+ Kh8 32. axb3 Bg6 33.
Rgc7 Nd6 34. Rd7 Nb5 35. Rab7 Nc3 36. b4 Be4 37. Ra7 Ne2+ 38. Kh2 Rg8 39. g4
Bg6 40. Ra2 Nc3 41. Ra3 Ne4 42. b5 Rc8 43. b6 Rc2+ 44. Kg1 Rc1+ 45. Kg2 Rc2+
46. Kf1 Rf2+ 47. Ke1 Rf8 48. b7 Nc5 49. Ra8 Nxd7 50. Rxf8+ Nxf8 51. b8=Q Kg7
52. Qe5+ Kg8 53. h4 Bf7 54. h5 Ne6 55. h6 Kf8 56. Qf6 Ke8 57. Qh8+ Nf8 58. Kf2
Bg6 59. Ke3 Ke7 60. Qg7+ Ke8 61. Qe5+ Kd7 62. Qf6 Ke8 63. Kd4 Bf7 64. Kc5 Nd7+
0-1

[Event "DVM U14 2018"]
[Site "Magdeburg GER"]
[Date "2018.12.30"]
[Round "7"]
[White "Bornholdt, Joa Max"]
[Black "Straub, Benno"]
[Result "1/2-1/2"]
[Termination "normal"]
[Board "9.2"]
[WhiteElo "1649"]
[BlackElo "1560"]
[WhiteTeam "Lübecker SV"]
[BlackTeam "SK Freiburg-Zähringen"]
[PlyCount "95"]
[WhiteFideId "16253477"]
[BlackFideId "16255488"]
[EventCountry "GER"]
[EventRounds "7"]
[EventType "team-swiss"]
[EventDate "2018.12.26"]

1. d4 d5 2. c4 c6 3. Nf3 Nf6 4. Bf4 Bf5 5. Qb3 Qb6 6. Qxb6 axb6 7. e3 e6 8. h3
Bb4+ 9. Nbd2 Nbd7 10. Be2 h6 11. O-O O-O 12. a3 Be7 13. cxd5 exd5 14. Ne5 Rfe8
15. Ndf3 Ne4 16. Nxd7 Bxd7 17. g4 f6 18. Rfd1 Bd6 19. Bxd6 Nxd6 20. Kg2 Ne4 21.
Nd2 Kf7 22. Bd3 Nxd2 23. Rxd2 Re7 24. Rc1 g6 25. Kh2 Rh8 26. Rg1 g5 27. Rdd1 h5
28. Kg3 h4+ 29. Kf3 Rhe8 30. Rc1 Ra8 31. Rc3 Ke6 32. Rgc1 Kd6 33. b4 b5 34.
R3c2 Rxa3 35. Rc3 Ra4 36. Rb1 Re8 37. Bc2 Ra2 38. Bb3 Ra3 39. Rc2 Rea8 40. Rcc1
f5 41. Rg1 fxg4+ 42. hxg4 Rf8+ 43. Ke2 h3 44. f3 Rh8 45. Rh1 Raa8 46. Kf2 Rh4
47. Kg3 Rf8 48. Bd1 1/2-1/2

[Event "DVM U14 2018"]
[Site "Magdeburg GER"]
[Date "2018.12.30"]
[Round "7"]
[White "Tolstorukova, Amelie"]
[Black "Silini, Jalel"]
[Result "0-1"]
[Termination "normal"]
[Board "9.3"]
[WhiteElo "1174"]
[BlackElo "1717"]
[WhiteTeam "SK Freiburg-Zähringen"]
[BlackTeam "Lübecker SV"]
[PlyCount "148"]
[WhiteFideId "16255496"]
[BlackFideId "16215397"]
[EventCountry "GER"]
[EventRounds "7"]
[EventType "team-swiss"]
[EventDate "2018.12.26"]

1. d4 d5 2. Bf4 Nf6 3. e3 e6 4. Nd2 c5 5. c3 a6 6. Ngf3 Nc6 7. Ne5 Nxe5 8. Bxe5
b5 9. Bd3 Bb7 10. Qf3 Nd7 11. Bg3 Be7 12. Qh5 c4 13. Bc2 a5 14. a3 b4 15. axb4
axb4 16. Rxa8 Qxa8 17. O-O b3 18. Bb1 h6 19. Nf3 Nf6 20. Qh3 Qa1 21. Bg6 Qa6
22. Bb1 Bd6 23. Ne5 Nd7 24. Qh5 Nxe5 25. Bxe5 Bxe5 26. Qxe5 O-O 27. Qh5 Kh8 28.
g4 e5 29. Qxe5 Qe6 30. Qxe6 fxe6 31. f3 Re8 32. e4 e5 33. Rd1 dxe4 34. fxe4
exd4 35. Rxd4 Rc8 36. e5 Kg8 37. e6 Kf8 38. h3 Ba6 39. Rd7 Bb5 40. Rb7 Bc6 41.
Ra7 Re8 42. Bf5 g6 43. Bxg6 Rxe6 44. Rf7+ Kg8 45. Bh5 Re2 46. Rf2 Re3 47. Bf7+
Kg7 48. Bxc4 Rxh3 49. Kf1 Bf3 50. Ke1 Bxg4 51. Bxb3 h5 52. Bd1 Rh1+ 53. Kd2
Rxd1+ 54. Kc2 Rd8 55. Rg2 Kf6 56. Kb3 Be6+ 57. Kb4 Rb8+ 58. Ka3 h4 59. Rc2 Bc4
60. Rd2 h3 61. Rd4 Rc8 62. Kb4 Kg5 63. Rxc4 Rxc4+ 64. Kxc4 h2 65. b4 h1=Q 66.
b5 Qb7 67. Kb4 Kf5 68. c4 Ke5 69. c5 Kd5 70. c6 Qb6 71. Ka4 Kc4 72. Ka3 Qxb5
73. c7 Qa5+ 74. Kb2 Qxc7 0-1

[Event "DVM U14 2018"]
[Site "Magdeburg GER"]
[Date "2018.12.30"]
[Round "7"]
[White "Schuh, Robert"]
[Black "Schröter, Christopher"]
[Result "1/2-1/2"]
[Termination "normal"]
[Board "10.1"]
[WhiteElo "1512"]
[BlackElo "1453"]
[WhiteTeam "FVS ASP Hoyerswerda"]
[BlackTeam "1. SC Anhalt"]
[PlyCount "159"]
[WhiteFideId "16215990"]
[BlackFideId "16274970"]
[EventCountry "GER"]
[EventRounds "7"]
[EventType "team-swiss"]
[EventDate "2018.12.26"]

1. d4 d5 2. Bf4 Nf6 3. e3 Bf5 4. Nf3 g6 5. c4 c6 6. h3 Bg7 7. Nc3 Qb6 8. Qb3
Qxb3 9. axb3 Nbd7 10. Be2 O-O 11. O-O Nb6 12. c5 Nbd7 13. b4 a6 14. Ra3 Ne4 15.
Rfa1 Rac8 16. Re1 Nef6 17. Bd3 Bxd3 18. Nxd5 Nxd5 19. Rxd3 Nxb4 20. Rb3 a5 21.
Bg3 Nf6 22. Ra1 Ra8 23. Bc7 Nfd5 24. Rxa5 Nxc7 25. Rxa8 Rxa8 26. Rxb4 Nb5 27.
Nd2 Rd8 28. Nf3 e6 29. Ra4 h6 30. Kf1 f5 31. Ke2 Kf7 32. g3 g5 33. Ke1 Kg6 34.
h4 Bf6 35. hxg5 hxg5 36. Ke2 Rh8 37. Nd2 Bd8 38. Nc4 Bc7 39. Ra1 Kf6 40. f4
Rh2+ 41. Kd3 gxf4 42. gxf4 Rh3 43. Kd2 Rg3 44. Ke2 Kg6 45. Ra8 Kh7 46. Ra1 Kg6
47. Ra8 Rg4 48. Kf3 Kh5 49. Kf2 Rg6 50. Kf3 Rh6 51. Rg8 Rf6 52. Ra8 Rf7 53. Ra1
Rh7 54. Ra8 Kg6 55. Ra1 Rh2 56. Rc1 Rh8 57. Ra1 Kf6 58. Ke2 Rh2+ 59. Kd3 Rg2
60. Rh1 Rg3 61. Ke2 Rg2+ 62. Kd3 Kg7 63. Ra1 Kg6 64. Ra8 Kh5 65. Ra1 Kg4 66.
Rf1 Kg3 67. Rc1 Kf3 68. Rh1 Rg6 69. Rf1+ Kg2 70. Ra1 Kf2 71. Rc1 Rg1 72. Rc2+
Kg3 73. Re2 Kh3 74. Rf2 Kg3 75. Re2 Rh1 76. Rc2 Rh2 77. Rc1 Kg2 78. Rc2+ Kg3
79. Rc1 Kh3 80. Rg1 1/2-1/2

[Event "DVM U14 2018"]
[Site "Magdeburg GER"]
[Date "2018.12.30"]
[Round "7"]
[White "Böhm, Florian"]
[Black "Wende, Hugo"]
[Result "0-1"]
[Termination "normal"]
[Board "10.2"]
[WhiteElo "1443"]
[BlackElo "1573"]
[WhiteTeam "1. SC Anhalt"]
[BlackTeam "FVS ASP Hoyerswerda"]
[PlyCount "82"]
[WhiteFideId "16274989"]
[BlackFideId "16220030"]
[EventCountry "GER"]
[EventRounds "7"]
[EventType "team-swiss"]
[EventDate "2018.12.26"]

1. c4 e6 2. Nc3 Nf6 3. Nf3 d5 4. cxd5 Nxd5 5. Nxd5 exd5 6. d4 Be7 7. e3 Be6 8.
Bd3 Nd7 9. O-O O-O 10. Bd2 c6 11. Qc2 f5 12. Rac1 Qc7 13. b4 g5 14. b5 c5 15.
dxc5 Nxc5 16. Bb4 b6 17. Nd4 Qe5 18. Bxc5 Bxc5 19. Nxe6 Qxe6 20. Rcd1 Rac8 21.
Qb3 Rcd8 22. e4 fxe4 23. Be2 Qf5 24. Qg3 Rf6 25. Bg4 Qf4 26. Qxf4 gxf4 27. Kh1
Kh8 28. Rd2 d4 29. Re2 Rg8 30. Bh3 Re8 31. Rfe1 e3 32. fxe3 fxe3 33. g3 d3 34.
Rb2 Bd4 35. Rbb1 d2 36. Re2 Rf2 37. Bf1 Ref8 38. Rxf2 Rxf2 39. h4 e2 40. Bxe2
Rxe2 41. Rf1 Re1 0-1

[Event "DVM U14 2018"]
[Site "Magdeburg GER"]
[Date "2018.12.30"]
[Round "7"]
[White "Schuh, Ramon"]
[Black "Lautenschläger, Friedrich"]
[Result "1/2-1/2"]
[Termination "normal"]
[Board "10.3"]
[WhiteElo "1307"]
[BlackElo "1364"]
[WhiteTeam "FVS ASP Hoyerswerda"]
[BlackTeam "1. SC Anhalt"]
[PlyCount "104"]
[WhiteFideId "16215982"]
[BlackFideId "16274997"]
[EventCountry "GER"]
[EventRounds "7"]
[EventType "team-swiss"]
[EventDate "2018.12.26"]

1. e4 e5 2. Nf3 Nc6 3. Bc4 Bc5 4. O-O d6 5. h3 Bd7 6. d3 Qe7 7. c3 a6 8. a4 Nf6
9. Re1 O-O 10. Bg5 Nd8 11. d4 Ba7 12. Nbd2 Ne6 13. Be3 Nf4 14. Bxf4 exf4 15. e5
Nh5 16. exd6 Qxd6 17. Ne5 g6 18. Qb3 Be6 19. Re4 Bxc4 20. Ndxc4 Qd5 21. Nd2
Qxb3 22. Nxb3 f5 23. Re2 Rfe8 24. Rae1 Nf6 25. Nd2 c5 26. Nd7 Rxe2 27. Nxf6+
Kf7 28. Rxe2 Kxf6 29. d5 Rd8 30. c4 Kf7 31. Nf3 h6 32. Re6 Bb8 33. Ne5+ Bxe5
34. Rxe5 Re8 35. Rxe8 Kxe8 36. Kf1 Kd7 37. Ke2 Kd6 38. Kd3 b5 39. axb5 axb5 40.
b3 g5 41. Ke2 g4 42. h4 h5 43. Kd3 b4 44. g3 Ke7 45. Ke2 Kd6 46. Kf1 Ke7 47.
Kg2 Kd6 48. f3 fxg3 49. Kxg3 Ke5 50. Kf2 Kd6 51. Ke2 Ke7 52. Ke3 Kd6 1/2-1/2

[Event "DVM U14 2018"]
[Site "Magdeburg GER"]
[Date "2018.12.30"]
[Round "7"]
[White "Kopvillem, Mikhail"]
[Black "Friedrich, Eddie"]
[Result "1-0"]
[Termination "normal"]
[Board "10.4"]
[WhiteElo "1089"]
[BlackElo "1142"]
[WhiteTeam "1. SC Anhalt"]
[BlackTeam "FVS ASP Hoyerswerda"]
[PlyCount "91"]
[WhiteFideId "16275004"]
[BlackFideId "16274946"]
[EventCountry "GER"]
[EventRounds "7"]
[EventType "team-swiss"]
[EventDate "2018.12.26"]

1. b4 e5 2. Bb2 d6 3. c4 Be6 4. e4 Nf6 5. Nc3 Be7 6. Nf3 O-O 7. b5 Nbd7 8. Be2
c6 9. a4 Rc8 10. d3 Qa5 11. Qd2 Nc5 12. Bd1 Bg4 13. Nh4 Be6 14. O-O Rfd8 15.
Nf5 Bf8 16. Nb1 Qxd2 17. Nxd2 Nxd3 18. Bc3 Nc5 19. Bc2 g6 20. Ne3 Bh6 21. h3
Kg7 22. Bb4 Bxe3 23. fxe3 Rd7 24. Ra3 b6 25. Rd1 Nb7 26. Nf3 c5 27. Be1 Bxc4
28. Bh4 h6 29. Nxe5 g5 30. Nxc4 gxh4 31. e5 Ne8 32. Bf5 Rcd8 33. Bxd7 Rxd7 34.
exd6 f6 35. Kf2 Kf7 36. Rad3 Ke6 37. Kf3 f5 38. e4 fxe4+ 39. Kxe4 Nf6+ 40. Kf3
Nd8 41. Re1+ Kf7 42. Ne5+ Kf8 43. Nxd7+ Nxd7 44. Rde3 Nf6 45. d7 Kf7 46. Re8
1-0